| Tag |
First Indicator |
Second Indicator |
Subfields |
| LEADER |
00000cam a2200000 4500 |
| 001 |
in00000717708 |
| 005 |
20151016062056.0 |
| 008 |
731019s1955 enka 00000ceng u |
| 010 |
|
|
|a 55014707
|
| 035 |
|
|
|a (OCoLC)00720664
|
| 035 |
|
|
|9 ADD3959AM
|
| 040 |
|
|
|c KSU
|d TXA
|d UtOrBLW
|
| 049 |
|
|
|a TXAM
|c [257676]
|
| 050 |
0 |
0 |
|a PR4809.H3
|b Z7
|
| 092 |
|
|
|a 920
|b L477
|
| 100 |
1 |
|
|a Lee, Amice Macdonell.
|
| 245 |
1 |
0 |
|a Laurels & rosemary ;
|b the life of William and Mary Howitt.
|
| 264 |
|
1 |
|a London,
|a New York :
|b Oxford University Press,
|c 1955.
|
| 300 |
|
|
|a 350 pages :
|b illustrations ;
|c 23 cm.
|
| 336 |
|
|
|a text
|b txt
|2 rdacontent
|
| 337 |
|
|
|a unmediated
|b n
|2 rdamedia
|
| 338 |
|
|
|a volume
|b nc
|2 rdacarrier
|
| 600 |
1 |
0 |
|a Howitt, William,
|d 1792-1879.
|
| 600 |
1 |
0 |
|a Howitt, Mary
|q (Mary Botham),
|d 1799-1888.
|
| 999 |
|
|
|a MARS
|
| 999 |
f |
f |
|s be1da364-f733-3c60-a91e-baaa68d695ed
|i ef0887d2-9fec-3f0d-a840-c235ee1f76f9
|t 0
|
| 952 |
f |
f |
|p normal
|a Texas A&M University
|b College Station
|c Sterling C. Evans Library
|d Evans: Library Stacks
|t 0
|e PR4809.H3 Z7
|h Library of Congress classification
|i unmediated -- volume
|m A14801444775
|
| 998 |
f |
f |
|a PR4809.H3 Z7
|t 0
|l Evans: Library Stacks
|